000 00313nam a22001337a 4500
082 _a500
_bNEP/N
100 _aNEP
245 _aNEP TUNED SCIENCE - 6
246 _aNEP TUNED SCIENCE - 6
_bNEP TUNED SCIENCE - 6
260 _aHYDERABAD
_bORIENT BLACK SWAN
_c2024
300 _a234
650 _aSCIENCE
942 _cBK
999 _c8936
_d8936